Poistné ako daňový náklad podnikateľa

Poistné ako daňový náklad podľa zákona č. 286/1992 Zb. o daniach z príjmov. Poistné platené podnikateľom. Poistné na povinné zmluvné poistenia. Zákonné poistenie podnikateľa. Zmluvné poistenie podnikateľa.

Salvato in:
Dettagli Bibliografici
Autore principale: Fekete, Imrich
Natura: Libro
Lingua:slovacco
Soggetti:
Tags: Aggiungi Tag
Nessun Tag, puoi essere il primo ad aggiungerne!!

MARC

LEADER 00000nam a2200000 4500
001 r031900
005 20230919113834.8
041 0 |a slo 
044 |a SK 
245 1 0 |a Poistné ako daňový náklad podnikateľa  |c Imrich Fekete 
520 |a Poistné ako daňový náklad podľa zákona č. 286/1992 Zb. o daniach z príjmov. Poistné platené podnikateľom. Poistné na povinné zmluvné poistenia. Zákonné poistenie podnikateľa. Zmluvné poistenie podnikateľa. 
610 2 0 |a výdavky 
610 2 0 |a dane z príjmov 
610 2 0 |a podnikatelia 
610 2 0 |a osoby fyzické 
610 2 0 |a osoby právnické 
610 2 0 |a poistenie zmluvné 
610 2 0 |a poistenie zákonné 
610 2 0 |a poistenie zodpovednosti za škody 
610 2 0 |a zákony 
610 2 0 |a Slovensko 
610 2 0 |a 1992 
100 1 |a Fekete, Imrich